000 00326nam a2200121Ia 4500
005 20251222141841.0
008 251222s9999||||xx |||||||||||||| ||spa||
082 _a985.26/T12R/Ej.2
100 _aTacúnan Bonifacio, Santiago
245 0 _aBreve Historieta de los Olivos Contada para Niños
264 _bCOPRODELI
942 _cLIB
999 _c7432
_d7432